[Event "CP-2019-S-00004"]
[Site "LSS email"]
[Date "2019.02.09"]
[Round "?"]
[White "Admakin, Vladimir"]
[Black "Domanov, Dmitry"]
[Result "1/2-1/2"]
[WhiteElo "1833"]
[BlackElo "2473"]
[PlyCount "157"]
[EventDate "2019.02.15"]
[EventType "tourn (corr)"]
[EventRounds "7"]
[EventCountry "GER"]
[SourceTitle "Corr 2022"]
[Source "ChessBase"]
[SourceDate "2021.10.24"]
[SourceVersion "1"]
[SourceVersionDate "2021.10.24"]
[SourceQuality "1"]

1. e4 c5 2. Nf3 d6 3. d4 cxd4 4. Nxd4 Nf6 5. Nc3 a6 6. h3 e5 7. Nde2 h5 8. g3 Nbd7 9. a4 b6 10. Nd5 Nxd5 11. Qxd5 Rb8 12. Qd1 Bb7 13. Nc3 Nc5 14. Bg2 h4 15. 0-0 Be7 16. Qg4 0-0 17. Be3 Rc8 18. Rab1 Ne6 19. Nd5 hxg3 20. fxg3 Rxc2 21. Bxb6 Qd7 22. a5 f5 23. Qd1 Rxg2+ 24. Kxg2 fxe4 25. Qb3 Kh8 26. Nxe7 Qxe7 27. Rxf8+ Qxf8 28. Rf1 e3+ 29. Kg1 Qe8 30. Qxe3 Qc6 31. Qe2 Qh1+ 32. Kf2 Qg2+ 33. Ke3 Qxg3+ 34. Kd2 Nf4 35. Qc4 d5 36. Qc3 Qg2+ 37. Rf2 Qe4 38. Qe3 Qb4+ 39. Kc1 Bc8 40. Bd4 Bf5 41. Kd1 exd4 42. Qxf4 Qa4+ 43. Ke2 Qc2+ 44. Kf3 Qd3+ 45. Kg2 Be4+ 46. Kh2 Qd1 47. Qd2 Qh1+ 48. Kg3 Qg1+ 49. Kf4 d3 50. Ke5 Kg8 51. b3 Qg6 52. Kd4 Qe8 53. b4 Qc8 54. Qc3 Qd8 55. Qc1 Qd7 56. Rd2 Qa4 57. Kc3 Kh7 58. Rd1 d4+ 59. Kc4 Bf3 60. Re1 Be2 61. Qd2 Qd7 62. h4 g6 63. Kb3 Qe6+ 64. Kb2 Qe3 65. Kc1 Qg3 66. Kb1 Qe5 67. Rc1 Qe3 68. Rc7+ Kh6 69. Kc1 Kh5 70. Rh7+ Kg4 71. Rf7 Kxh4 72. b5 axb5 73. a6 b4 74. a7 b3 75. Qxe3 dxe3 76. Kb2 d2 77. a8Q d1Q 78. Qe4+ Bg4 79. Rh7+ 1/2-1/2

[Event "CP-2018-Q-00004"]
[Site "LSS email"]
[Date "2018.11.28"]
[Round "?"]
[White "Domanov, Dmitry"]
[Black "Jarabinsky, Martin"]
[Result "1/2-1/2"]
[WhiteElo "2468"]
[BlackElo "2309"]
[PlyCount "79"]
[EventDate "2018.12.01"]
[EventType "tourn (corr)"]
[EventRounds "6"]
[EventCountry "GER"]
[SourceTitle "Corr 2022"]
[Source "ChessBase"]
[SourceDate "2021.10.24"]
[SourceVersion "1"]
[SourceVersionDate "2021.10.24"]
[SourceQuality "1"]

1. e4 c6 2. c4 d5 3. exd5 cxd5 4. d4 Nf6 5. Nc3 Nc6 6. Nf3 Bg4 7. cxd5 Nxd5 8. Qb3 Bxf3 9. gxf3 e6 10. Qxb7 Nxd4 11. Bb5+ Nxb5 12. Qc6+ Ke7 13. Qxb5 Qd7 14. Nxd5+ Qxd5 15. Qxd5 exd5 16. Bf4 Ke6 17. 0-0-0 Bb4 18. Rhg1 Rac8+ 19. Kb1 g6 20. a3 Ba5 21. Be3 Bb6 22. Bxb6 axb6 23. Rg4 Rhe8 24. Rgd4 Red8 25. R1d3 Rd7 26. Re3+ Kd6 27. Red3 Ke6 28. Rb3 Ke5 29. Rh4 d4 30. Re4+ Kf5 31. Rb4 d3 32. Rf4+ Kg5 33. Rg4+ Kf5 34. Rgf4+ Kg5 35. Rg4+ Kh5 36. Rh4+ Kg5 37. Rhd4 Rxd4 38. Rxd4 Rc2 39. f4+ Kf5 40. Rxd3 1/2-1/2

[Event "CP-2018-Q-00004"]
[Site "LSS email"]
[Date "2018.11.28"]
[Round "?"]
[White "Luers, Lavas"]
[Black "Domanov, Dmitry"]
[Result "1/2-1/2"]
[WhiteElo "2134"]
[BlackElo "2468"]
[PlyCount "143"]
[EventDate "2018.12.01"]
[EventType "tourn (corr)"]
[EventRounds "6"]
[EventCountry "GER"]
[SourceTitle "Corr 2022"]
[Source "ChessBase"]
[SourceDate "2021.10.24"]
[SourceVersion "1"]
[SourceVersionDate "2021.10.24"]
[SourceQuality "1"]

1. e4 c5 2. Nf3 d6 3. d4 cxd4 4. Nxd4 Nf6 5. Nc3 a6 6. Be3 e6 7. f3 b5 8. g4 b4 9. Nce2 e5 10. Nb3 h6 11. Qd2 Nc6 12. Ng3 Qc7 13. 0-0-0 a5 14. Kb1 a4 15. Nc1 Qb7 16. h4 Be6 17. Be2 d5 18. g5 hxg5 19. hxg5 Rxh1 20. Rxh1 d4 21. gxf6 dxe3 22. Qxe3 g6 23. f4 exf4 24. Qxf4 0-0-0 25. e5 Kb8 26. Rh8 Qb6 27. Bg4 Bxg4 28. e6+ Ka7 29. Qxg4 Ne5 30. Qe2 Qxe6 31. Qb5 Qb6 32. Qxa4+ Kb7 33. Qb3 Kc7 34. Ne4 Qd4 35. Ng3 Qf4 36. Nge2 Qxf6 37. Rh3 Bc5 38. a3 bxa3 39. Rc3 Qb6 40. Qxa3 Kd6 41. Qa4 Qb4 42. Qa6+ Qb6 43. Qa4 Qb4 44. Qa6+ Ke7 45. Rb3 Qc4 46. Qb7+ Rd7 47. Qa8 Rd1 48. Rb7+ Kf6 49. Qh8+ Kf5 50. Ng3+ Kf4 51. Qf6+ Kxg3 52. Qxe5+ Kg4 53. Rb3 Bf2 54. Qh2 Qf4 55. Qg2+ Kh5 56. Rh3+ Bh4 57. Qe2+ Qg4 58. Qe5+ f5 59. Qh8+ Kg5 60. Rd3 Rxd3 61. Nxd3 Qe4 62. b4 f4 63. Qd8+ Kg4 64. Qd7+ Kg3 65. Qd6 Be7 66. Qb6 f3 67. Qg1+ Kh4 68. Qh2+ Kg5 69. b5 Bd8 70. Qb8 Qd4 71. Qg3+ Qg4 72. Qe5+ 1/2-1/2

[Event "ST-2018-0-00128"]
[Site "LSS email"]
[Date "2018.10.29"]
[Round "?"]
[White "Powers, Frank"]
[Black "Domanov, Dmitry"]
[Result "0-1"]
[WhiteElo "2395"]
[BlackElo "2537"]
[PlyCount "54"]
[EventDate "2015.09.05"]
[EventType "tourn (corr)"]
[EventRounds "6"]
[EventCountry "GER"]
[SourceTitle "Corr 2022"]
[Source "ChessBase"]
[SourceDate "2021.10.24"]
[SourceVersion "1"]
[SourceVersionDate "2021.10.24"]
[SourceQuality "1"]

1. d4 Nf6 2. Nf3 g6 3. Bg5 Bg7 4. Nbd2 0-0 5. c3 d6 6. e4 c5 7. dxc5 dxc5 8. Bc4 Qc7 9. Qe2 Nc6 10. 0-0 Na5 11. Bd3 b6 12. Rfe1 h6 13. Bh4 Nh5 14. Qe3 c4 15. Bc2 e5 16. Nf1 Nb7 17. Red1 Nc5 18. Rd2 Nf4 19. Ne1 f5 20. exf5 gxf5 21. f3 Bb7 22. Kh1 Rae8 23. Qg1 e4 24. Bg3 Be5 25. fxe4 fxe4 26. Ne3 h5 27. Rad1 Qg7 0-1